00361nam a2200157Ia 4500003000400000008004100004040001600045082001300061100001700074245002800091260003400119300001000153650001700163650001200180650001100192GCL140319s9999 xx 000 0 eng d aGCL / cGCL04a944bC F1 aJONES, COLIN10aFRANCE / cJONES, COLIN a[S.N] : bCAMBRIDGE ، c1994 a352 P04aCIVILIZATION04aHISTORY04aFRANCE